1567 1127 1259 1010 1566 1761 1097 1801 1241 1280 1472 1746 1727 1535 1135 1533 1237 1325 1341 1306 1012 1794 1346 1405 1806 1639 1387 1080 1794 1949 1489 1631 1142 1222 1292 1391 1597 1414 1779 1529 1504 1863 1552 1006 1558 1275 1436 1773 1862 1061 1525 1458 1636 1063 1692 1999 1760 1088 1804 1659 1049 1408 1840 1063 1177 1855 1577 1823 1185 1627 1478 1074 1488 1551 1257 1653 1143 1792 1243 1684 1980 1122 1852 1769 1832 1916 1022 1548 1153 1802 1309 1718 1517 1435 1365 1181 1658 1902 1249 BCNSPRNW ULIB Ver.6.0+V

เปลี่ยนเป็นภาษาไทย

Change to English
 แสดงรายละเอียดบรรณานุกรม
  กลับหน้าหลัก

Brief Record : Get Marc (ISO 2709) : E-mail record : QR code < ปิดหน้าต่าง
LEADER : 00000nam 2200000uu 4500
001    13399124287
003     ULIB
008    150218s2557||||th 000 0 tha d
020    ^a9786162794995
060    ^aWY152.5^bห459
100    ^aสุนันท์ สุดดี,^eบรรณาธิการ
245    ^aหัตถการทางหัวใจและหลอดเลือดกับการพยาบาล.=^bCardiac Nursing Procedures/^cบรรณาธิการ : สุนันท์ สุดดี,เสาวนีย์ เนาวพาณิช,ศรินรัตน์ ศรีประสงค์ และ วันเพ็ญ ภิญโญภาสกุล
250    ^aพิมพ์ครั้งที่ 1
260    ^aกรุงเทพฯ :^bงานการพยาบาลอายุรศาสตร์และจิตเวชศาสตร์ ฝ่ายการพยาบาล และสาขาหทัยวิทยา ภาควิชาอายุรศาสตร์ คณะแพทยศาสตร์ศิริราชพยาบาล,^c2557
300    ^a174 หน้า;^b21 ซม.
650    ^aระบบหัวใจและหลอดเลือด^xพยาบาล
700    ^aเสาวนีย์ เนาวพาณิช,^eบรรณาธิกา
700    ^aศรินรัตน์ ศรีประสงค์,^eบรรณาธิการ
700    ^aวันเพ็ญ ภิญโญภาสกุล,^eบรรณาธิการ
710    ^aคณะแพทยศาสตร์ศิริราชพยาบาล^bภาควิชาอายุรศาสตร์ ^bฝ่ายการพยาบาล และสาขาหทัยวิทยา^bงานการพยาบาลอายุรศาสตร์และจิตเวชศาสตร์
945    ^p220^l0^i22854
945    ^p220^l0^i22855
945    ^p220^l0^i22856
945    ^p220^l0^i23170
945    ^p220^l0^i23169
945    ^p220^l0^i23168
945    ^p220^l0^i23167
945    ^p220^l0^i23166
999    ^aทศพร เกษรทอง
รายการนี้ยังไม่มีแท็ก
คุณยังไม่ได้ล็อกอิน คุณสามารถมีกิจกรรมร่วมกับเว็บไซต์ได้ แต่ต้องล็อกอินก่อน ::
  ล็อกอิน

รายการสื่อสารสนเทศ

ลำดับที่ ประเภท เลขเรียก/บาร์โค้ด สถานที่ สถานะ
1. วิทยาศาสตร์การแพทย์ และสุขภาพ
หนังสือสำรอง
สถานะ=หนังสือสำรอง
WY152.5 ห459 ฉ.1 
  Barcode: 22854
ห้องสมุดวิทยาเขตนครสวรรค์
►ส่วนจัดเก็บหนังสือเก่า นว.
บนชั้น
  ขอยืม
2. วิทยาศาสตร์การแพทย์ และสุขภาพ
วิทยาศาสตร์การแพทย์ และสุขภาพ
WY152.5 ห459 ฉ.2 
  Barcode: 22855
ห้องสมุดวิทยาเขตนครสวรรค์
►ส่วนจัดเก็บหนังสือเก่า นว.
บนชั้น
  ขอยืม
3. วิทยาศาสตร์การแพทย์ และสุขภาพ
วิทยาศาสตร์การแพทย์ และสุขภาพ
WY152.5 ห459 ฉ.3 
  Barcode: 22856
ห้องสมุดวิทยาเขตนครสวรรค์
►ส่วนจัดเก็บหนังสือเก่า นว.
บนชั้น
  ขอยืม
4. วิทยาศาสตร์การแพทย์ และสุขภาพ
วิทยาศาสตร์การแพทย์ และสุขภาพ
WY152.5 ห459 ฉ.4 
  Barcode: 23166
ห้องสมุดวิทยาเขตนครสวรรค์
►ส่วนจัดเก็บหนังสือเก่า นว.
บนชั้น
  ขอยืม
5. วิทยาศาสตร์การแพทย์ และสุขภาพ
วิทยาศาสตร์การแพทย์ และสุขภาพ
WY152.5 ห459 ฉ.5 
  Barcode: 23167
ห้องสมุดวิทยาเขตนครสวรรค์
►ส่วนจัดเก็บหนังสือเก่า นว.
บนชั้น
  ขอยืม
6. วิทยาศาสตร์การแพทย์ และสุขภาพ
วิทยาศาสตร์การแพทย์ และสุขภาพ
WY152.5 ห459 ฉ.6 
  Barcode: 23168
ห้องสมุดวิทยาเขตนครสวรรค์
►ส่วนจัดเก็บหนังสือเก่า นว.
บนชั้น
  ขอยืม
7. วิทยาศาสตร์การแพทย์ และสุขภาพ
วิทยาศาสตร์การแพทย์ และสุขภาพ
WY152.5 ห459 ฉ.7 
  Barcode: 23169
ห้องสมุดวิทยาเขตนครสวรรค์
►ส่วนจัดเก็บหนังสือเก่า นว.
บนชั้น
  ขอยืม
8. วิทยาศาสตร์การแพทย์ และสุขภาพ
วิทยาศาสตร์การแพทย์ และสุขภาพ
WY152.5 ห459 ฉ.8 
  Barcode: 23170
ห้องสมุดวิทยาเขตนครสวรรค์
►ส่วนจัดเก็บหนังสือเก่า นว.
บนชั้น
  ขอยืม

BibComment


ยังไม่เคยถูกคอมเมนท์

คอมเมนท์ทรัพยากรรายการนี้
  คอมเมนท์: หัตถการทางหัวใจแ..


 Copyright 2026. Bcnsprnw @Library